[Event "GER-chT U16"]
[Site "Magdeburg"]
[Date "2014.12.29"]
[Round "5.4"]
[White "Tiedemann, Fin Niklas"]
[Black "Fege, Julian"]
[Result "1-0"]
[WhiteElo "1820"]
[BlackElo "1567"]
[PlyCount "29"]
[EventDate "2014.12.27"]
[EventType "team-swiss"]
[EventRounds "7"]
[EventCountry "GER"]
[SourceTitle "EXT 2016"]
[Source "ChessBase"]
[SourceDate "2015.10.08"]
[SourceVersion "1"]
[SourceVersionDate "2015.10.08"]
[SourceQuality "1"]
[WhiteTeam "Luebeck"]
[BlackTeam "Weissensee Chemie"]
[WhiteTeamCountry "GER"]
[BlackTeamCountry "GER"]

1. e4 c5 2. Nc3 d6 3. g3 Nc6 4. Bg2 g6 5. d3 Bg7 6. Be3 e6 7. Qd2 Nge7 8. Bh6 0-0 9. h4 Ne5 10. Bxg7 Kxg7 11. h5 Ng4 12. Qg5 Nf6 13. h6+ Kg8 14. Qxf6 Nf5 15. Qxd8 1-0

[Event "GER-chT U16"]
[Site "Magdeburg"]
[Date "2014.12.27"]
[Round "2.4"]
[White "Maier, Lukas"]
[Black "Fege, Julian"]
[Result "1/2-1/2"]
[WhiteElo "1641"]
[BlackElo "1567"]
[PlyCount "113"]
[EventDate "2014.12.27"]
[EventType "team-swiss"]
[EventRounds "7"]
[EventCountry "GER"]
[SourceTitle "EXT 2016"]
[Source "ChessBase"]
[SourceDate "2015.10.08"]
[SourceVersion "1"]
[SourceVersionDate "2015.10.08"]
[SourceQuality "1"]
[WhiteTeam "Backnang"]
[BlackTeam "Weissensee Chemie"]
[WhiteTeamCountry "GER"]
[BlackTeamCountry "GER"]

1. d4 Nf6 2. c4 g6 3. Nc3 Bg7 4. Nf3 0-0 5. Bf4 d6 6. e4 Nbd7 7. Be2 Nh5 8. Be3 e5 9. d5 a5 10. 0-0 Nc5 11. Nd2 Nf4 12. Nb3 Nxe2+ 13. Qxe2 b6 14. Nxc5 bxc5 15. b3 f5 16. Rad1 f4 17. Bc1 g5 18. f3 Rf6 19. Kf2 Rg6 20. Qe1 g4 21. Ke2 Bf6 22. Kd3 Bd7 23. Qe2 h5 24. Bd2 Kh7 25. Rh1 Qg8 26. Nb5 Bxb5 27. cxb5 a4 28. Kc2 axb3+ 29. Kxb3 Qe8 30. a4 Qd7 31. Ra1 Rgg8 32. Kc4 Rgb8 33. Rhb1 Bd8 34. Be1 Kg7 35. Qd1 Kf8 36. Rb3 Ke8 37. Rba3 Kf8 38. fxg4 hxg4 39. h3 g3 40. Qh5 Qf7 41. Qg4 Bf6 42. a5 Ke7 43. b6 Rb7 44. bxc7 Rxc7 45. Rb3 Rg8 46. Qd1 Ra8 47. Qb1 Qe8 48. a6 Qd7 49. Rb6 Kf7 50. Qb5 Bd8 51. Rc6 Rca7 52. Rb1 Ke7 53. Ba5 Bxa5 54. Qxa5 Qd8 55. Rbb6 Rxa6 56. Qxa6 Rxa6 57. Rxa6 1/2-1/2

[Event "GER-chT North U14"]
[Site "Magdeburg"]
[Date "2013.09.14"]
[Round "6.3"]
[White "Riess, Alexander"]
[Black "Fege, Julian"]
[Result "0-1"]
[WhiteElo "1739"]
[BlackElo "1440"]
[PlyCount "62"]
[EventDate "2013.09.12"]
[EventType "team-swiss"]
[EventRounds "7"]
[EventCountry "GER"]
[SourceTitle "EXT 2014"]
[Source "ChessBase"]
[SourceDate "2013.11.20"]
[SourceVersion "1"]
[SourceVersionDate "2013.11.20"]
[SourceQuality "1"]
[WhiteTeam "Luebeck"]
[BlackTeam "Weissensee Chemie"]
[WhiteTeamCountry "GER"]
[BlackTeamCountry "GER"]

1. e4 c5 2. Nf3 Nc6 3. Bb5 g6 4. Bxc6 dxc6 5. h3 Bg7 6. Nc3 Nf6 7. d3 0-0 8. Be3 b6 9. Qd2 e5 10. 0-0 Re8 11. Bh6 Qd6 12. Bxg7 Kxg7 13. Nh2 Nh5 14. Ne2 Re7 15. Qc3 f6 16. Rad1 Be6 17. b3 Rd8 18. Qa1 Red7 19. Nf3 Qf8 20. Kh2 Kh8 21. Rde1 Rf7 22. Qc1 g5 23. Ng3 Nf4 24. Ne2 Qh6 25. Nxf4 gxf4 26. Ng1 Rg8 27. f3 Rfg7 28. Re2 Rg3 29. c3 Qg7 30. Rff2 Qg6 31. Qa3 Bxh3 0-1

[Event "Berlin Hellersdorf op"]
[Site "Berlin"]
[Date "2010.01.10"]
[Round "4"]
[White "Bischoff, Dietmar"]
[Black "Fege, Julian"]
[Result "1/2-1/2"]
[WhiteElo "1116"]
[BlackElo "1103"]
[PlyCount "58"]
[EventDate "2010.01.08"]
[EventType "swiss"]
[EventRounds "5"]
[EventCountry "GER"]
[SourceTitle "EXT 2012"]
[Source "ChessBase"]
[SourceDate "2011.11.24"]
[SourceVersion "1"]
[SourceVersionDate "2011.11.24"]
[SourceQuality "1"]

1. d4 d5 2. c4 Nf6 3. Nc3 Bf5 4. Bf4 e6 5. e3 Nc6 6. Nf3 Bd6 7. Bxd6 cxd6 8. b3 0-0 9. Be2 Re8 10. 0-0 Qd7 11. h3 Rad8 12. a3 e5 13. dxe5 dxe5 14. cxd5 Nxd5 15. Qd2 e4 16. Nd4 Nxc3 17. Qxc3 Nxd4 18. exd4 Qxd4 19. Rac1 Qxc3 20. Rxc3 Rd2 21. Bc4 Red8 22. Re3 h6 23. f3 exf3 24. Rfxf3 Bg6 25. Re7 R8d7 26. Re8+ Kh7 27. Rf8 Be4 28. Rg3 Bg6 29. Rf3 Be4 1/2-1/2

[Event "Berlin Hellersdorf op"]
[Site "Berlin"]
[Date "2010.01.10"]
[Round "5"]
[White "Fege, Julian"]
[Black "Lischeid, Kilian"]
[Result "1-0"]
[WhiteElo "1103"]
[BlackElo "1168"]
[PlyCount "117"]
[EventDate "2010.01.08"]
[EventType "swiss"]
[EventRounds "5"]
[EventCountry "GER"]
[SourceTitle "EXT 2012"]
[Source "ChessBase"]
[SourceDate "2011.11.24"]
[SourceVersion "1"]
[SourceVersionDate "2011.11.24"]
[SourceQuality "1"]

1. e4 e5 2. Nf3 Nc6 3. Bb5 a6 4. Ba4 Bc5 5. 0-0 Nf6 6. Re1 0-0 7. c3 Re8 8. Bc2 d6 9. h3 d5 10. d3 Qe7 11. Bg5 Rd8 12. Qe2 d4 13. cxd4 Nxd4 14. Nxd4 Bxd4 15. Nc3 b5 16. Bb3 Be6 17. Bxe6 fxe6 18. Rac1 Rf8 19. Be3 Rac8 20. Qd2 b4 21. Ne2 Bxe3 22. Qxe3 Nh5 23. Rf1 Nf4 24. Nxf4 Rxf4 25. d4 Qf6 26. dxe5 Qxe5 27. Rc5 Qd6 28. Rfc1 Rf7 29. Rc6 Qe5 30. Qe2 a5 31. R6c5 Qd6 32. Rxa5 Rd7 33. Rac5 Qd2 34. Qxd2 Rxd2 35. R1c2 Rd1+ 36. Kh2 Ra8 37. b3 Re1 38. R2c4 Re2 39. f3 Rexa2 40. Rxb4 R2a7 41. Rc6 Kf7 42. Kg3 Rf8 43. Rbc4 Rc8 44. Kf4 Kf6 45. e5+ Ke7 46. b4 Rb7 47. Kg5 Kd7 48. f4 Rf8 49. b5 Rf5+ 50. Kh4 Rf8 51. g4 Rc8 52. R6c5 Kd8 53. f5 Ke7 54. Kg5 Kd7 55. h4 Rb6 56. f6 gxf6+ 57. Kxf6 Rb7 58. g5 Rg8 59. h5 1-0

[Event "Berlin Hellersdorf op"]
[Site "Berlin"]
[Date "2010.01.09"]
[Round "3"]
[White "Fege, Julian"]
[Black "Geldner, Gerrit"]
[Result "0-1"]
[WhiteElo "1103"]
[BlackElo "1311"]
[PlyCount "74"]
[EventDate "2010.01.08"]
[EventType "swiss"]
[EventRounds "5"]
[EventCountry "GER"]
[SourceTitle "EXT 2012"]
[Source "ChessBase"]
[SourceDate "2011.11.24"]
[SourceVersion "1"]
[SourceVersionDate "2011.11.24"]
[SourceQuality "1"]

1. e4 d5 2. exd5 Qxd5 3. Nc3 Qa5 4. Nf3 Nf6 5. d4 c6 6. Bd2 Qc7 7. Bc4 Bg4 8. h3 Bh5 9. Qe2 e6 10. 0-0-0 a5 11. a3 b5 12. Ba2 b4 13. Nb1 Bd6 14. g4 Bg6 15. Ne5 Be4 16. f3 Bd5 17. Bxd5 cxd5 18. Qb5+ Nfd7 19. f4 0-0 20. Rhf1 Rc8 21. Qd3 Ra6 22. c3 bxc3 23. Bxc3 Nb6 24. Rd2 f6 25. Rdf2 fxe5 26. fxe5 Be7 27. Qf3 Qd8 28. Kc2 Qf8 29. Qf7+ Qxf7 30. Rxf7 Nc4 31. Kd3 Bg5 32. R1f3 Nc6 33. b3 Nb6 34. Nd2 Raa8 35. Rb7 Ra6 36. Rff7 Bh6 37. g5 Nd8 0-1

[Event "Berlin Lichtenberger op 8th"]
[Site "Berlin"]
[Date "2009.08.20"]
[Round "6"]
[White "Gestrich, Wolfgang"]
[Black "Fege, Julian"]
[Result "1-0"]
[WhiteElo "1723"]
[BlackElo "1007"]
[PlyCount "107"]
[EventDate "2009.08.15"]
[EventType "swiss"]
[EventRounds "9"]
[EventCountry "GER"]
[SourceTitle "CBM 131 Extra"]
[Source "ChessBase"]
[SourceDate "2009.09.03"]
[SourceVersion "2"]
[SourceVersionDate "2009.09.16"]
[SourceQuality "1"]

1. c4 e5 2. Nc3 Nc6 3. g3 Nf6 4. Bg2 Bc5 5. e3 d6 6. a3 a5 7. Nge2 Be6 8. d3 0-0 9. 0-0 d5 10. Nxd5 Nxd5 11. cxd5 Bxd5 12. e4 Be6 13. h3 Nd4 14. Nc3 Qd7 15. Kh2 f5 16. exf5 Rxf5 17. Bxb7 Raf8 18. Ne4 Bb6 19. Ba6 Bb3 20. Bc4+ Bxc4 21. dxc4 Nf3+ 22. Kg2 Qxd1 23. Rxd1 Nd4 24. c5 Ba7 25. b4 Nb3 26. Ra2 a4 27. Be3 c6 28. Rd6 Rc8 29. Nc3 Bb8 30. Rd1 e4 31. Nxe4 Be5 32. Nd6 Bxd6 33. Rxd6 Rd5 34. Rxd5 cxd5 35. Bf4 d4 36. Kf3 Kf7 37. Ke2 Ke6 38. Kd3 Rf8 39. Re2+ Kd5 40. Re5+ Kc6 41. Re6+ Kd7 42. Rd6+ Kc8 43. Ra6 Kb7 44. Rxa4 g5 45. Kc4 gxf4 46. Kxb3 fxg3 47. fxg3 Rf3+ 48. Kc4 Rxg3 49. Kxd4 Rxh3 50. Ke4 Rg3 51. Kf4 Rg8 52. b5 h5 53. Kf5 Rd8 54. Rc4 1-0

[Event "Berlin Lichtenberger op 8th"]
[Site "Berlin"]
[Date "2009.08.18"]
[Round "4"]
[White "Fege, Julian"]
[Black "Tschirschwitz, Stephan"]
[Result "1-0"]
[WhiteElo "1007"]
[BlackElo "1561"]
[PlyCount "63"]
[EventDate "2009.08.15"]
[EventType "swiss"]
[EventRounds "9"]
[EventCountry "GER"]
[SourceTitle "CBM 131 Extra"]
[Source "ChessBase"]
[SourceDate "2009.09.03"]
[SourceVersion "2"]
[SourceVersionDate "2009.09.16"]
[SourceQuality "1"]

1. e4 c5 2. Nf3 Nc6 3. d4 cxd4 4. Nxd4 e6 5. Nc3 a6 6. Bf4 Bc5 7. Nxc6 Qb6 8. Qd2 bxc6 9. e5 Qd8 10. Ne4 Qb6 11. 0-0-0 Rb8 12. b3 Qb4 13. Qxb4 Rxb4 14. Bc4 Be7 15. c3 Rb8 16. Rd3 Ra8 17. Rhd1 Nh6 18. Bg5 Bxg5+ 19. Nxg5 0-0 20. g3 a5 21. Ne4 Ba6 22. Bxa6 Rxa6 23. Rxd7 Ng4 24. h3 Nxe5 25. Rc7 a4 26. Nc5 Ra5 27. Nxa4 Rd5 28. Rxd5 exd5 29. Nc5 Rd8 30. a4 d4 31. cxd4 Rxd4 32. Rc8+ 1-0

[Event "Berlin Lichtenberger op 8th"]
[Site "Berlin"]
[Date "2009.08.16"]
[Round "3"]
[White "Knaak, Hans"]
[Black "Fege, Julian"]
[Result "1-0"]
[WhiteElo "1910"]
[BlackElo "1007"]
[PlyCount "45"]
[EventDate "2009.08.15"]
[EventType "swiss"]
[EventRounds "9"]
[EventCountry "GER"]
[SourceTitle "CBM 131 Extra"]
[Source "ChessBase"]
[SourceDate "2009.09.03"]
[SourceVersion "2"]
[SourceVersionDate "2009.09.16"]
[SourceQuality "1"]

1. d4 d5 2. c4 Nf6 3. cxd5 Nxd5 4. Nf3 Nf6 5. Nc3 e6 6. Bg5 Be7 7. e3 Nc6 8. Rc1 a6 9. Bd3 Bd7 10. 0-0 0-0 11. Bb1 Re8 12. a3 Bf8 13. e4 h6 14. Bh4 Be7 15. Qc2 g6 16. d5 exd5 17. exd5 Nxd5 18. Nxd5 Bxh4 19. Nxh4 Qxh4 20. Nxc7 Bf5 21. Qc3 Rac8 22. Nxe8 Nd4 23. Qe3 1-0

[Event "Berlin Lichtenberger op 8th"]
[Site "Berlin"]
[Date "2009.08.15"]
[Round "1"]
[White "Nieber, Alexander"]
[Black "Fege, Julian"]
[Result "1-0"]
[WhiteElo "1826"]
[BlackElo "1007"]
[PlyCount "128"]
[EventDate "2009.08.15"]
[EventType "swiss"]
[EventRounds "9"]
[EventCountry "GER"]
[SourceTitle "CBM 131 Extra"]
[Source "ChessBase"]
[SourceDate "2009.09.03"]
[SourceVersion "2"]
[SourceVersionDate "2009.09.16"]
[SourceQuality "1"]

1. d4 d5 2. Nf3 Nc6 3. g3 Bg4 4. Bg2 Nf6 5. 0-0 e6 6. h3 Bh5 7. c4 dxc4 8. g4 Bg6 9. Qa4 Bd6 10. Ne5 Bxe5 11. dxe5 Nd7 12. Bxc6 bxc6 13. Qxc6 0-0 14. Rd1 Nxe5 15. Rxd8 Nxc6 16. Rxa8 Rxa8 17. Na3 Na5 18. Bd2 Nb7 19. Nxc4 Be4 20. Rc1 c6 21. b3 Rd8 22. Kf1 Bd5 23. Ke1 Bxc4 24. Rxc4 c5 25. Be3 Rd5 26. Ra4 a5 27. Bd2 Rd4 28. Ra3 f5 29. f3 fxg4 30. hxg4 c4 31. Be3 Rd5 32. bxc4 Re5 33. Kf2 Nd6 34. Rc3 Nf7 35. f4 Re4 36. Kf3 Rxe3+ 37. Kxe3 Nd6 38. c5 Nc8 39. c6 Kf7 40. Rc5 Ke7 41. Rxa5 Kd6 42. Ra6 Ne7 43. c7+ Kxc7 44. Ra7+ Kd6 45. Rxe7 Kxe7 46. Ke4 Kd6 47. a4 Kc6 48. Ke5 Kb6 49. Kxe6 Ka5 50. Kf7 Kxa4 51. Kxg7 Kb4 52. f5 Kc4 53. f6 Kc3 54. f7 Kd2 55. f8Q Kxe2 56. Qf4 Kd3 57. Kf6 Kc3 58. Qe4 Kb3 59. Qd4 Kc2 60. Qe3 Kb2 61. Qd3 Ka2 62. Qc3 Kb1 63. Ke5 Ka2 64. Kd4 Kb1 1-0